Skocznie narciarskie znajdujące się na terenie Francji - Statystyki

Ogólne statystyki
  • Ten quiz został rozwiązany 41 razy
  • Średni wynik to 2 z 5
Statystyki odpowiedzi
% Poprawnych
Courchevel
96%
Chamonix
60%
Chaux Neuve
28%
Premanon
24%
Gerardmer
12%
Nie znaleziono quizów pasujących do podanych kryteriów
Rozkład punktacji
Procent ludzi z każdym wynikiem
Percentyl według liczby udzielonych odpowiedzi
Twoja historia wyników
Nie rozwiązałeś tego quizu